00655nam a2200193 a 4500008004100000020002200041100002100063245013400084250001200218260003600230300003500266504004100301500002000342650005200362700002000414003000100434005001700435040000900452  a0030949181 (hbk.)1 aHutt, Michael D.10aBusiness marketing management :ba strategic view of industrial and organizational markets /cMichael D. Hutt and Thomas W. Speh. a5th ed. aFort Worth :bHarcourt,cc1995. axxvi, 757 p. :bill. ;c25 cm. aIncludes bibliographical references. aIncludes index. 0aIndustrial marketingxManagementxCase studies.1 aSpeh, Thomas W.20230123133944.0 cNUST